| 000 | 00351nam a22001457a 4500 | ||
|---|---|---|---|
| 008 | 221213b ||||| |||| 00| 0 eng d | ||
| 020 | _a9781584261926 | ||
| 041 | _aeng | ||
| 080 |
_2SECOND EDITION _a610.73 |
||
| 082 | _a610.73CAS | ||
| 100 | _a9 | ||
| 101 | _aINF | ||
| 245 |
_aPRINCIPLES OF HEALTHCARE REIMBURSEMENT _cCASTO.B.A |
||
| 942 |
_2udc _cBK |
||
| 999 |
_c59182 _d59182 |
||